Estadísticas para Conjugación de Decir

Haz click aquí para intentar la prueba.

Estadísticas generales

  • Esta prueba ha sido intentada 124 veces
  • La puntuación promedio es 33 de 42

Estadísticas de respuestas

TensoSujetoConjugación% Correcto
Presente de IndicativoNosotrosDecimos
99%
Presente de IndicativoYoDigo
99%
Presente de IndicativoÉlDice
97%
Presente de IndicativoEllosDicen
97%
Presente de IndicativoDices
97%
PretéritoYoDije
94%
PretéritoÉlDijo
94%
PretéritoDijiste
93%
PretéritoEllosDijeron
91%
PretéritoNosotrosDijimos
91%
Presente de IndicativoVosotrosDecís
88%
FuturoYoDiré
88%
FuturoÉlDirá
87%
FuturoEllosDirán
86%
FuturoDirás
85%
FuturoNosotrosDiremos
85%
CondicionalYoDiría
84%
CondicionalÉlDiría
84%
CondicionalNosotrosDiríamos
83%
CondicionalDirías
83%
CondicionalEllosDirían
82%
FuturoVosotrosDiréis
81%
PretéritoVosotrosDijisteis
79%
CondicionalVosotrosDiríais
77%
Pretérito ImperfectoYoDecía
69%
Pretérito ImperfectoÉlDecía
69%
Presente de SubjuntivoÉlDiga
69%
Presente de SubjuntivoYoDiga
69%
Pretérito ImperfectoNosotrosDecíamos
67%
Pretérito ImperfectoEllosDecían
67%
Pretérito ImperfectoDecías
67%
Presente de SubjuntivoNosotrosDigamos
66%
Presente de SubjuntivoDigas
66%
Presente de SubjuntivoEllosDigan
65%
Presente de SubjuntivoVosotrosDigáis
64%
Pretérito ImperfectoVosotrosDecíais
63%
Imperfecto de SubjuntivoYoDijera
62%
Imperfecto de SubjuntivoÉlDijera
62%
Imperfecto de SubjuntivoEllosDijera
62%
Imperfecto de SubjuntivoNosotrosDijéramos
59%
Imperfecto de SubjuntivoDijeras
59%
Imperfecto de SubjuntivoVosotrosDijerais
57%

Distribución de puntuación

Porcentaje por número respondido

Porcentaje de gente con cada puntuación

Historial de tus puntuaciones

No has intentado esta prueba.